| 000 | 00638nam a2200205Ia 4500 | ||
|---|---|---|---|
| 005 | 20260415173414.0 | ||
| 008 | 008 250505s9999 xx 000 0 eng d | ||
| 020 | _a978-3-0309-5053-8 | ||
| 037 | _aTextBook | ||
| 040 |
_aFEDL _beng _cFEDL |
||
| 041 |
_aeng _2eng |
||
| 084 |
_a153.4 JAL/R _qFEDL |
||
| 100 |
_aJalaluddin A K _9609868 |
||
| 245 | 0 | _aFrom mindless to mindful classrooms: Reflections on India's struggle for culture shift in education | |
| 260 |
_aJaipur, India _bSasha Priyo _c2022 |
||
| 300 | _a390.p. | ||
| 365 |
_aINR _b1800 |
||
| 942 |
_cTB _h153.4 JAL/R |
||
| 999 |
_c1400094 _d1400094 |
||